000 00379 a2200169 4500
001 189105
020 _a978-85-16-06705-2
040 _cMagnum
100 _aMachado, Ana Maria
240 1 0 _aPescador de naufrágios
_lpor
245 1 0 _aPescador de naufrágios
300 _a55
362 0 _a2010
440 1 _aModerna
697 _aLITERATURA INFANTO-JUVENIL
942 _cBK
999 _c189105
_d189105